Normal view MARC view
  • Moreno Carrillo, Bernardo

Entry Nombre Personal

Number of records used in: 1

001 - NUMERO DE CONTROL

  • campo de control: 48384

003 - IDENTIFICADOR DE NUMERO DE CONTROL

  • campo de control: DLC

005 - FECHA Y HORA DE LA ÜLTIMA TRANSACCIÓN

  • campo de control: 20230510143007.0

008 - DATOS DE LONGITUD FIJA

  • campo de control de longitud fija: 230510n| azannaabn a aaa c

010 ## - NÚMERO DE CONTROL DE LA BIBLIOTECA DEL CONGRESO

  • Número de control LC: no2007146841
  • Número de Control LC Cancelado/inválido: ns2019000971

035 ## - NUMERO DE CONTROL

  • Número de control: (OCoLC)oca07595520

035 ## - NUMERO DE CONTROL

  • Número de control: (CaEvSKY)skya8313456

040 ## - FUENTE DE CATALOGACIÓN

  • Agencia original de catalogación: MX-MxITA
  • Lenguaje de catalogación: spa
  • Description conventions: rda
  • Agencia de transcripción: MX-MxITA
  • Agencia que lo modifica: UPB
  • Agencia que lo modifica: MX-SnUAN
  • Agencia que lo modifica: DLC
  • Agencia que lo modifica: MX-MxUPN

100 1# - ENCABEZAMIENTO - NOMBRE PERSONAL

  • Nombre personal: Moreno Carrillo, Bernardo

372 ## - CAMPO DE ACTIVIDAD

  • Field of activity: Servicios de traducción
  • Fuente del término: lcsh

374 ## - OCUPACIÓN

  • Occupation: Traductor
  • Fuente del término: lcsh

375 ## - GÉNERO

  • Gender: Masculino
  • Fuente del término: lcdgt

377 ## - LENGUA ASOCIADA

  • Language code: spa

400 1# - VEÁSE - NOMBRE DE PERSONA

  • Personal name: Carrillo, Bernardo Moreno

670 ## - FUENTE EN LA QUE SE LOCALIZARON DATOS

  • Cita de la fuente: Gernet, L. Antropología de la Grecia antigua, c1980:
  • Información localizada: portada (versión castellana de Bernardo Moreno Carrillo)

670 ## - FUENTE EN LA QUE SE LOCALIZARON DATOS

  • Cita de la fuente: La dama del sudario, 2004:
  • Información localizada: portada (by Bram Stoker, translated by Bernardo Moreno Carrillo)

670 ## - FUENTE EN LA QUE SE LOCALIZARON DATOS

  • Cita de la fuente: Cazadores de humanos, 2005:
  • Información localizada: portada (translation of Bernardo Moreno Carrillo)

902 ## - CATALOGADOR

  • Catalogador: NDAF/100523